00309nam a22001097a 4500082002800000100001700028245006100045260003500106300001300141526003700154650000800191 a624.17bDIVcL-20, P-96 aKumar, Vijay aProblems in advanced theory of structures /cVijay Kumar aIndia :bJain Brothers,c1963. a240 p. : a0b0c0d624_170000000000000_DIV aMCE